[Event "Moscow Kasparov Cup"]
[Site "Moscow"]
[Date "1998.??.??"]
[Round "1"]
[White "Afonin, Alexey"]
[Black "Alekseev, Evgeny"]
[Result "0-1"]
[WhiteElo "2190"]
[BlackElo "2275"]

1.e4 d5 2.exd5 Nf6 3.d4 Nxd5 4.Nf3 g6 5.Be2 Bg7 6.O-O O-O 7.Na3 Nc6 8.Nc4 Nb6
9.c3 Nxc4 10.Bxc4 Bg4 11.Be2 Qd6 12.h3 Bxf3 13.Bxf3 Rab8 14.Be3 Rfd8 15.Re1 e6
16.Qb3 h6 17.Rad1 b5 18.d5 Na5 19.Qc2 e5 20.Bxa7 Ra8 21.Be3 Nc4 22.b3 Nxe3
23.fxe3 e4 24.Bxe4 Ra6 25.Bd3 Qg3 26.Qf2 Qxf2+ 27.Kxf2 Bxc3 28.Re2 Rxd5 29.Bc2 Rf6+
30.Kg1 Rxd1+ 31.Bxd1 Rd6 32.Bc2 c5 33.Kf2 Kg7 34.Be4 Bd2 35.Bc6 c4 36.bxc4 bxc4
37.Ba4 c3 38.Kf3 Ra6 39.Bb3 Rb6 40.Bd1 Rb1 41.Ba4 Rb2 42.a3 c2 43.Bxc2 Rxc2
44.Ke4 Rb2 45.Kd3 Bc3  0-1

[Event "Moscow Kasparov Cup"]
[Site "Moscow"]
[Date "1998.??.??"]
[Round "9"]
[White "Izoria, Zviad"]
[Black "Alekseev, Evgeny"]
[Result "1/2-1/2"]
[WhiteElo "2270"]
[BlackElo "2275"]

1.d4 Nf6 2.c4 g6 3.Nc3 Bg7 4.e4 d6 5.Be2 O-O 6.Bg5 h6 7.Be3 e5 8.d5 Nbd7
9.Qd2 Nc5 10.f3 a5 11.Bd1 Ne8 12.h4 f5 13.Bxh6 Nd3+ 14.Qxd3 Bxh6 15.Bc2 Nf6
16.Nh3 Nh5 17.Ng5 Bxg5 18.hxg5 Qxg5 19.Qd2 Qxd2+ 20.Kxd2 Ng3 21.Rh2 f4 22.Ba4 b6
23.Bb5 Kg7 24.Ne2 Nxe2 25.Kxe2 Bb7 26.Kf2 Rh8 27.Rxh8 Rxh8 28.Bd7 Kf6 29.b3 Rd8
30.Bg4 Ra8 31.a3 Bc8 32.Bxc8 Rxc8 33.Rh1 Kg7 34.g4 fxg3+ 35.Kxg3 Rb8 36.Rc1 Ra8
37.b4 axb4 38.axb4 Ra4 39.c5 Rxb4 40.cxd6 cxd6 41.Rc6 b5 42.Rxd6 Rc4 43.Re6 Kf7
44.Rxe5 Rc7 45.d6 Rd7 46.Rxb5 Rxd6 47.Rd5 Ra6 48.Rd3 Ke6 49.Kf4 Kf6 50.Kg4 Rc6
51.Rd5 Ra6 52.f4 Ra1 53.Rd3 Rg1+ 54.Rg3 Re1 55.e5+ Kf7 56.Kg5 Re2 57.Rg1 Re3
58.Kg4 Re2 59.Ra1 Rg2+ 60.Kf3 Rb2 61.Ra7+ Kf8 62.Rd7 Rb1 63.Ke4 Rb4+ 64.Rd4 Rb1
65.Kd5 Ke7 66.Ra4 Rd1+ 67.Rd4 Ra1 68.Ke4 Re1+ 69.Kd3 g5 70.Kd2 Rf1  1/2-1/2

[Event "Wch U14"]
[Site "Oropesa del Mar"]
[Date "1998.??.??"]
[Round "2"]
[White "Alekseev, Evgeny"]
[Black "Fluvia Poyatos, Joan"]
[Result "1-0"]
[WhiteElo "2270"]
[BlackElo "2295"]

1.e4 c5 2.c3 d5 3.exd5 Qxd5 4.d4 Nf6 5.Nf3 g6 6.Be2 Bg7 7.c4 Qd8 8.O-O O-O
9.Nc3 cxd4 10.Nxd4 Nc6 11.Nxc6 bxc6 12.Qxd8 Rxd8 13.Re1 Be6 14.Na4 Nd7 15.Bg5 Kf8
16.Rac1 Bd4 17.b3 Nc5 18.Nxc5 Bxc5 19.Bf3 Rac8 20.h3 Bb4 21.Rcd1 Rxd1 22.Rxd1 Bc5
23.Bd2 Bd6 24.Bc3 f6 25.Bxf6 a5 26.Bd4 c5 27.Bc3 a4 28.Bg4 Bxg4 29.hxg4 axb3
30.axb3 Rb8 31.Rb1 Kf7 32.Kf1 Ke6 33.Ke2 Be5 34.Kd3 Bxc3 35.Kxc3 Rf8 36.f3 h5
37.gxh5 gxh5 38.b4 cxb4+ 39.Rxb4 Rg8 40.Rb2 Kd6 41.Kd4 h4 42.Ra2 Rg3 43.c5+ Kc6
44.Ra6+ Kb7 45.Re6 Rxg2 46.Rxe7+ Kc6 47.Re6+ Kd7 48.Rd6+ Ke7 49.Rh6 Rf2 50.Ke5 Rc2
51.Kd5 Rf2 52.Rxh4 Rxf3 53.Kc6 Rc3 54.Rd4 Rc1 55.Kb6 Rb1+ 56.Kc7 Re1 57.c6 Re2
58.Kc8 Re1 59.c7 Re2 60.Rb4  1-0

[Event "Wch U14"]
[Site "Oropesa del Mar"]
[Date "1998.??.??"]
[Round "4"]
[White "Alekseev, Evgeny"]
[Black "Soltanici, Ruslan"]
[Result "1-0"]
[WhiteElo "2270"]
[BlackElo "2055"]

1.e4 c5 2.c3 d5 3.exd5 Qxd5 4.d4 Nf6 5.Nf3 Bg4 6.Be2 e6 7.h3 Bh5 8.c4 Qd6
9.Nc3 cxd4 10.Nb5 Qb6 11.Bf4 Bb4+ 12.Nd2 Bxe2 13.Qxe2 Na6 14.O-O O-O 15.Nf3 Rad8
16.Rad1 Bc5 17.a3 d3 18.Rxd3 Rxd3 19.Qxd3 Rd8 20.Qe2 Qc6 21.b4 Bb6 22.c5 Bc7
23.Bd6 Bxd6 24.Nxd6 Qa4 25.Ne5 Rf8 26.Qf3 Nd5 27.Nxb7 Nac7 28.Nc4 Nb5 29.Nbd6 Nbc7
30.Rb1 Qc2 31.Qe4 Qxe4 32.Nxe4 Rb8 33.Ned6 a6 34.Ne5 f6 35.Nc6 Ra8 36.Rb3 Kf8
37.a4 e5 38.b5 axb5 39.axb5 Ra1+ 40.Kh2 Rc1 41.b6  1-0

[Event "Wch U14"]
[Site "Oropesa del Mar"]
[Date "1998.??.??"]
[Round "7"]
[White "Stojanovski, Dejan"]
[Black "Alekseev, Evgeny"]
[Result "0-1"]
[WhiteElo "2235"]
[BlackElo "2270"]

1.e4 d5 2.exd5 Nf6 3.d4 Nxd5 4.c4 Nb6 5.Nf3 g6 6.Nc3 Bg7 7.h3 O-O 8.Be3 Nc6
9.Qd2 e5 10.d5 Na5 11.b3 f5 12.Rc1 e4 13.Ng1 c6 14.Nce2 Nd7 15.Nf4 Ne5 16.b4 g5
17.Ne6 Bxe6 18.dxe6 Qf6 19.e7 Qxe7 20.Bc5 Qf6 21.Bxf8 Qxf8 22.c5 Rd8 23.Qxg5 Kh8
24.bxa5 Bh6 25.Qg3 Ng6 26.Ke2 f4 27.Qa3 f3+ 28.gxf3 exf3+ 29.Nxf3 Bxc1 30.Qc3+  0-1

[Event "Wch U14"]
[Site "Oropesa del Mar"]
[Date "1998.??.??"]
[Round "8"]
[White "Alekseev, Evgeny"]
[Black "Evdokimov, Alexander A"]
[Result "1/2-1/2"]
[WhiteElo "2270"]
[BlackElo "2500"]

1.d4 Nf6 2.c4 c5 3.d5 b5 4.cxb5 a6 5.b6 e6 6.Nc3 Nxd5 7.Nxd5 exd5 8.Qxd5 Nc6
9.Nf3 Rb8 10.e4 Be7 11.Bc4 O-O 12.O-O Rxb6 13.Qh5 d6 14.b3 Be6 15.Bxe6 fxe6
16.Qg4 Qc8 17.Bb2 Bf6 18.Bxf6 Rxf6 19.Rad1 Rg6 20.Qh5 Rh6 21.Qg5 Rg6 22.Qh5 Rh6
23.Qg5 Rg6  1/2-1/2

[Event "Wch U14"]
[Site "Oropesa del Mar"]
[Date "1998.??.??"]
[Round "11"]
[White "Llobell Cortell, Enrique"]
[Black "Alekseev, Evgeny"]
[Result "1/2-1/2"]
[WhiteElo "2160"]
[BlackElo "2270"]

1.e4 d5 2.exd5 Nf6 3.c4 e6 4.d4 exd5 5.Nc3 Bb4 6.Bd3 O-O 7.Ne2 dxc4 8.Bxc4 Nbd7
9.O-O Nb6 10.Bb3 Nbd5 11.Bg5 Be7 12.Qd3 c6 13.a3 Be6 14.Bc2 g6 15.Ng3 Nxc3
16.bxc3 Nd5 17.Bxe7 Qxe7 18.Rfe1 Rfd8 19.Ne4 Bf5 20.Qf3 Qf8 21.g4 Bxe4 22.Bxe4 Qd6
23.a4 Re8 24.Rab1 b6 25.Re2 Rad8 26.Rbe1 Nf4 27.Re3 c5 28.Bxg6 Rxe3 29.Bxf7+ Kxf7
30.fxe3 cxd4 31.cxd4 Kg8 32.exf4 Qxd4+ 33.Kh1 Qxa4 34.f5 Qc4 35.f6 a5 36.Re7 b5
37.Rg7+ Kf8 38.Ra7 Qc1+ 39.Kg2 Qc2+ 40.Kg3 Rd3 41.Ra8+ Kf7 42.Ra7+  1/2-1/2

[Event "St Petersburg-ch"]
[Site "St Petersburg"]
[Date "1999.04.07"]
[Round "2"]
[White "Rusanov, Michail"]
[Black "Alekseev, Evgeny"]
[Result "1/2-1/2"]
[WhiteElo "2448"]
[BlackElo "2300"]

1.e4 d5 2.exd5 Nf6 3.d4 Nxd5 4.Nf3 g6 5.c4 Nb6 6.Nc3 Bg7 7.Be2 O-O 8.O-O Bg4
9.h3 Bxf3 10.Bxf3 Nc6 11.c5 Nc4 12.Bxc6 bxc6 13.Ne2 e5 14.Qa4 Qd5 15.b3 Nb6
16.cxb6 axb6 17.Qc4 Qxc4 18.bxc4 exd4 19.Bb2 Rfe8 20.Rfe1 c5 21.Nf4 Rxe1+
22.Rxe1 Rxa2 23.Nd3 Ra4 24.Rc1 Bf8 25.Kf1 b5 26.cxb5 c4 27.Ne5 c3 28.Bxc3 dxc3
29.Rxc3 Bg7  1/2-1/2

[Event "St Petersburg-ch"]
[Site "St Petersburg"]
[Date "1999.04.09"]
[Round "4"]
[White "Shchukin, Dmitry"]
[Black "Alekseev, Evgeny"]
[Result "0-1"]
[WhiteElo "2394"]
[BlackElo "2300"]

1.d4 Nf6 2.c4 g6 3.Nc3 Bg7 4.e4 d6 5.Be2 O-O 6.h4 c5 7.d5 e6 8.h5 exd5 9.exd5 Re8
10.hxg6 hxg6 11.Bg5 Qb6 12.Bxf6 Bxf6 13.Qd2 Bf5 14.Kf1 Na6 15.g4 Bd7 16.Kg2 Re7
17.Nh3 Rae8 18.Bf3 Qb4 19.Qf4 Be5 20.Qg5 Bg7 21.Ne4 Rxe4 22.Bxe4 Rxe4 23.Qd8+ Be8
24.Ng5 Qxc4 25.Rh3 Re5 26.Nf3 Qxd5 27.Rd1 Qxd1 28.Nxe5 Qd5+ 29.Rf3 Qxe5 30.Re3 Qd5+
31.Kf1 Qc4+ 32.Ke1 Qb4+ 33.Kd1 Qxg4+ 34.Ke1 Be5 35.Qxe8+ Kg7 36.Qb5 Nb4 37.Re2 Qg1+
38.Kd2 Bf4+ 39.Kc3 Qc1+ 40.Kb3 Qd1+ 41.Ka3 Nc2+ 42.Rxc2 Qxc2 43.Qxb7 Bd2  0-1

[Event "St Petersburg-ch"]
[Site "St Petersburg"]
[Date "1999.04.10"]
[Round "5"]
[White "Alekseev, Evgeny"]
[Black "Milton, Sergei"]
[Result "1-0"]
[WhiteElo "2300"]
[BlackElo "2429"]

1.e4 e5 2.Nf3 Nf6 3.Nxe5 d6 4.Nf3 Nxe4 5.c4 g6 6.d4 Bg7 7.Bd3 Nf6 8.O-O O-O
9.Nc3 Nc6 10.h3 Bd7 11.a3 Re8 12.Bf4 Qc8 13.Qd2 Nh5 14.Be3 Bf5 15.Rfe1 Bxd3
16.Qxd3 f5 17.b4 f4 18.Bd2 Qf5 19.Qxf5 gxf5 20.Ne2 Re4 21.Bc3 Rae8 22.Kf1 Bf6
23.Rac1 Nb8 24.Nd2 R4e7 25.d5 Be5 26.Nd4 Ng7 27.N2f3 c6 28.dxc6 Nxc6 29.Nxc6 bxc6
30.Nd4 Rc7 31.Red1 Rec8 32.Nf3 Re8 33.c5 Re6 34.Ng5 Bxc3 35.Nxe6 Nxe6 36.cxd6  1-0

[Event "St Petersburg-ch"]
[Site "St Petersburg"]
[Date "1999.04.11"]
[Round "6"]
[White "Alekseev, Evgeny"]
[Black "Ivanov, Vladimir Ivanovich"]
[Result "1-0"]
[WhiteElo "2300"]
[BlackElo "2423"]

1.e4 c6 2.d4 d5 3.Nc3 dxe4 4.Nxe4 Nd7 5.Ng5 Ngf6 6.Bd3 e6 7.N1f3 Bd6 8.Qe2 h6
9.Ne4 Nxe4 10.Qxe4 Nf6 11.Qe2 Qc7 12.Bd2 b6 13.Ne5 Bb7 14.O-O-O c5 15.Bb5+ Ke7
16.dxc5 Qxc5 17.a3 Nd5 18.Kb1 a6 19.Bd3 a5 20.Rhe1 Nf6 21.f4 Rac8 22.g4 Qd5
23.h4 Bxe5 24.fxe5 Nd7 25.Bb5 Qf3 26.Bb4+  1-0

[Event "St Petersburg-ch"]
[Site "St Petersburg"]
[Date "1999.04.13"]
[Round "8"]
[White "Alekseev, Evgeny"]
[Black "Popov, Valerij"]
[Result "1/2-1/2"]
[WhiteElo "2300"]
[BlackElo "2582"]

1.e4 e6 2.d4 d5 3.e5 c5 4.c3 Nc6 5.Nf3 Bd7 6.a3 c4 7.Nbd2 Na5 8.Be2 Ne7 9.O-O h6
10.Re1 Nc8 11.a4 Qc7 12.Qc2 Nb6 13.b4 cxb3 14.Nxb3 Nbc4 15.Nxa5 Nxa5 16.Nd2 Rc8
17.Bb2 Be7 18.Rec1 O-O 19.Ba3 Bxa3 20.Rxa3 Qd8 21.Raa1 Rc7 22.Nb3 Nxb3 23.Qxb3 Qg5
24.g3 Rfc8 25.Qb2 f6 26.f4 Qg6 27.Qd2 fxe5 28.fxe5 Kh8 29.a5 Be8 30.Bd3 Qh5
31.Be2 Qf7 32.Bd3 Qe7 33.Kg2 Bf7 34.Bb1 Rc4 35.Qd3 Bg8 36.Ra2 Qg5 37.Rd2 Ra4
38.h4 Qe7 39.Qb5 Rac4 40.Rb2 Rxc3 41.Rbc2 Rxc2+ 42.Rxc2 Rxc2+ 43.Bxc2 Bh7
44.Bxh7 Kxh7 45.Qd3+ Kg8 46.Qc3 Qd7 47.Qc5 a6 48.Kh3 Qf7 49.Qc8+ Kh7 50.Kg2 Kg6
51.g4 Kh7 52.h5 g6 53.hxg6+ Kxg6 54.Kg3 Kg7 55.Qd8  1/2-1/2

[Event "Voronezh op 3rd"]
[Site "Voronezh"]
[Date "1999.06.13"]
[Round "2"]
[White "Alekseev, Evgeny"]
[Black "Iljushkin, Evgeny"]
[Result "1-0"]
[WhiteElo "2300"]
[BlackElo "2405"]

1.e4 c5 2.c3 e6 3.d4 d5 4.e5 Nc6 5.Nf3 Qb6 6.a3 c4 7.Nbd2 Na5 8.Be2 Bd7 9.O-O Ne7
10.Re1 Qc7 11.Rb1 Nc8 12.Nf1 Nb6 13.Bf4 Nb3 14.N3d2 Ba4 15.Nxb3 Bxb3 16.Qc1 O-O-O
17.g4 Be7 18.Ng3 h6 19.Be3 Qc6 20.Qd2 Nd7 21.f4 f6 22.exf6 gxf6 23.Bf3 Bd6
24.Bf2 Bc7 25.Re2 Rde8 26.Rbe1 Qd6 27.Nf5 Qxf4 28.Qxf4 Bxf4 29.Rxe6 Rxe6
30.Rxe6 Kc7 31.Be3 Bxe3+ 32.Nxe3 Nb6 33.Rxf6 Na4 34.Rf7+ Kd6 35.Nf5+ Ke6
36.Re7+ Kf6 37.Bxd5 Nxb2 38.h4 Nd3 39.Rf7+  1-0

[Event "Voronezh op 3rd"]
[Site "Voronezh"]
[Date "1999.06.15"]
[Round "4"]
[White "Alekseev, Evgeny"]
[Black "Sergienko, Sergey"]
[Result "1-0"]
[WhiteElo "2300"]
[BlackElo "2387"]

1.e4 c5 2.c3 b6 3.d4 Bb7 4.Bd3 cxd4 5.cxd4 Nc6 6.d5 Nb4 7.Be2 e6 8.a3 Na6
9.Nc3 exd5 10.exd5 Nf6 11.Nf3 Nc7 12.Bc4 Bd6 13.O-O O-O 14.Bg5 h6 15.Bh4 Nce8
16.Re1 Rc8 17.Qd3 g5 18.Bg3 Bxg3 19.hxg3 Nd6 20.Bb3 Re8 21.Nd4 Rxe1+ 22.Rxe1 Qf8
23.Nf5 Re8 24.Rxe8 Nfxe8 25.Bc2 Nf6 26.Qd4 Nxf5 27.Qxf6 Nd6 28.Bd3 Bc8 29.Nd1 Ne8
30.Qd8 Nd6 31.Qc7 Nb7 32.Ne3 Qc5 33.Qe5 Qd6 34.Qe8+ Qf8 35.Bh7+  1-0

[Event "Voronezh op 3rd"]
[Site "Voronezh"]
[Date "1999.06.16"]
[Round "5"]
[White "Moltchanov, Roman"]
[Black "Alekseev, Evgeny"]
[Result "1/2-1/2"]
[WhiteElo "2411"]
[BlackElo "2300"]

1.e4 d5 2.exd5 Nf6 3.d4 Nxd5 4.Nf3 g6 5.Bc4 Bg7 6.O-O O-O 7.Re1 Nb6 8.Bb3 Nc6
9.c3 e5 10.Nxe5 Nxe5 11.dxe5 Qxd1 12.Bxd1 Re8 13.f4 f6 14.Nd2 fxe5 15.Nf3 e4
16.Ng5 h6 17.Nxe4 Bf5 18.Bf3 Re6 19.Re2 Rae8 20.Ng3 Bd3 21.Rxe6 Rxe6 22.Bd2 c6
23.Rd1 Nc4 24.Bc1 Bf8 25.Rxd3 Re1+ 26.Kf2 Rxc1 27.b3 Rc2+ 28.Be2 Nd6 29.a4 Kf7
30.Kf3 a5 31.Bd1 Rb2 32.Nf1 Nf5 33.Rd2 Nh4+ 34.Kg3 Nf5+ 35.Kf3 Nh4+ 36.Kg3 Nf5+
37.Kf2 Rxd2+ 38.Nxd2 Bc5+ 39.Ke2 Be7 40.Bc2 Nd6 41.Be4 g5 42.fxg5 Bxg5 43.Bf3 c5
44.Kd3 b6 45.g3 Kg7 46.Nf1 Kf7 47.Ne3 Bd8 48.Bg4 Kf6 49.Bd7 Ke7 50.Bh3 Kf6
51.c4 Nf7 52.Bg4 Nd6 53.h4 Ke5 54.Bh3 h5 55.Nf1 Ne4 56.Bg2 Nf6 57.Bf3 Bc7
58.Ne3 Ke6 59.g4 hxg4 60.Bxg4+ Ke5 61.Bf3 Bd8 62.h5 Kf4 63.Be2 Ng8 64.Nd5+ Ke5
65.Ke3 Nh6  1/2-1/2

[Event "Komercni Banka op"]
[Site "Pardubice"]
[Date "1999.07.19"]
[Round "4"]
[White "Alekseev, Evgeny"]
[Black "Gretarsson, Helgi Ass"]
[Result "1/2-1/2"]
[WhiteElo "2400"]
[BlackElo "2521"]

1.e4 e5 2.Nf3 Nc6 3.c3 Nf6 4.d4 Nxe4 5.d5 Nb8 6.Nxe5 Qe7 7.Qd4 d6 8.Qxe4 Qxe5
9.Nd2 Bf5 10.Qxe5+ dxe5 11.Nc4 Nd7 12.Be3 Bg6 13.O-O-O O-O-O 14.Be2 Be7 15.d6 cxd6
16.Nxd6+ Kb8 17.f4 f6 18.Rhf1 exf4 19.Bxf4 Ka8 20.Nb5 Ne5 21.Nc7+ Kb8 22.Ne6 Rd6
23.Rxd6 Bxd6 24.Nxg7 Rg8 25.Ne6 Bf7 26.Rd1 Bc7 27.Nxc7 Kxc7 28.g3 Bxa2 29.Bd3 Be6
30.Be4 h5 31.h4 Rg7 32.Rd4 Bd7 33.Kd2 Kc8 34.Ke2 Re7 35.Kf2 Ng4+ 36.Kf1 Ne5
37.Kg2 Nc6 38.Rc4 Bg4 39.Bxc6 bxc6 40.Rxc6+ Kb7 41.Rxf6 Re2+ 42.Kf1 Rxb2
43.Rf7+ Ka6  1/2-1/2

[Event "Artek olJ"]
[Site "Artek"]
[Date "1999.09.10"]
[Round "1"]
[White "Alekseev, Evgeny"]
[Black "Guseinov, Elmir"]
[Result "1-0"]
[WhiteElo "2400"]
[BlackElo "2301"]

1.e4 e6 2.d4 d5 3.e5 c5 4.c3 Qb6 5.Nf3 Bd7 6.a3 cxd4 7.cxd4 Bb5 8.Bxb5+ Qxb5
9.Nc3 Qa6 10.Ne2 Ne7 11.O-O Nd7 12.Ng3 Nc6 13.Be3 h6 14.Ne1 O-O-O 15.Nd3 Kb8
16.b4 f6 17.exf6 gxf6 18.Nf4 Ne7 19.Qb3 Qd6 20.Rad1 Ka8 21.Rfe1 Nb6 22.b5 Rg8
23.Bd2 e5 24.Bb4 Qd7 25.dxe5 fxe5 26.Rxe5 Qxb5 27.Ne6 Rd7 28.Qc3 Nc6 29.Nxf8 Nxe5
30.Qxe5 Rf7 31.Ne6 Qc6 32.Nd4 Qg6 33.Re1 a6 34.Bc5 Nd7 35.Qxd5 h5 36.Ndf5 Rxf5
37.Nxf5 Nxc5 38.Ne7 Qg5 39.Qxg8+  1-0

[Event "Artek olJ"]
[Site "Artek"]
[Date "1999.09.11"]
[Round "2"]
[White "Holmirzaev, B."]
[Black "Alekseev, Evgeny"]
[Result "1/2-1/2"]
[WhiteElo "2069"]
[BlackElo "2400"]

1.e4 d5 2.exd5 Nf6 3.d4 Nxd5 4.c4 Nb6 5.Nf3 g6 6.Be3 Bg7 7.Be2 O-O 8.Nc3 Bg4
9.h3 Bxf3 10.Bxf3 Nc6 11.Bxc6 bxc6 12.b3 c5 13.Ne2 cxd4 14.Bxd4 e5 15.Bc5 Re8
16.O-O Qh4 17.Qc2 Nd7 18.Bb4 e4 19.Bc3 Ne5 20.Rad1 Rad8 21.Rxd8 Rxd8 22.Bxe5 Bxe5
23.g3 Qxh3 24.Qxe4 Qe6 25.Nf4 Bxf4 26.Qxf4 c6 27.Qc7 Rd7 28.Qa5 h5 29.Re1 Qh3
30.Qg5 Kh7 31.Qf6 c5 32.Qf4 a6 33.Qf6 h4 34.gxh4 a5 35.Qf4 Kg7 36.Qg3 Qxg3+
37.fxg3 Rd2 38.Re5 Rxa2 39.Rxc5 Ra3 40.Kg2 Rxb3 41.Rxa5 Rc3 42.c5 f5 43.Ra7+ Kh6
44.Rc7 Kh5 45.Rc6 g5 46.hxg5 Kxg5 47.Rc8 Kg4 48.Rg8+ Kh5 49.Rc8 Kg4 50.Rg8+  1/2-1/2

[Event "Artek olJ"]
[Site "Artek"]
[Date "1999.09.14"]
[Round "4"]
[White "Petrosian, Tigran L"]
[Black "Alekseev, Evgeny"]
[Result "0-1"]
[WhiteElo "2222"]
[BlackElo "2400"]

1.e4 d5 2.exd5 Nf6 3.d4 Nxd5 4.Nf3 g6 5.Be2 Bg7 6.O-O O-O 7.Re1 Nc6 8.c3 Re8
9.Bc4 h6 10.h3 Nb6 11.Bb3 a5 12.a4 e5 13.Nxe5 Nxe5 14.dxe5 Qxd1 15.Rxd1 Rxe5
16.Bf4 Re7 17.Rd8+ Kh7 18.Na3 Bf5 19.Rxa8 Nxa8 20.Nc4 Re2 21.Rd1 Be6 22.f3 b5
23.axb5 a4 24.Ba2 Bxc3 25.bxc3 Rxa2 26.Ne3 g5 27.Be5 Re2 28.Rd8 Rxe3 29.Bd4 Re1+
30.Kf2 Rb1 31.Rxa8 Rxb5 32.Ke3 Bb3 33.g4 f5 34.Rh8+ Kg6 35.Rg8+ Bxg8  0-1

[Event "Artek olJ"]
[Site "Artek"]
[Date "1999.09.16"]
[Round "6"]
[White "Drozdovsky, Yuri"]
[Black "Alekseev, Evgeny"]
[Result "1/2-1/2"]
[WhiteElo "2315"]
[BlackElo "2400"]

1.d4 Nf6 2.c4 g6 3.Nc3 Bg7 4.Nf3 O-O 5.Bf4 d6 6.e3 Nfd7 7.Be2 e5 8.Bg3 Nc6
9.O-O h6 10.h3 f5 11.Bh2 g5 12.d5 Ne7 13.e4 f4 14.Ne1 Nf6 15.Nd3 Bd7 16.c5 Ng6
17.b4 Nh4 18.f3 h5 19.Nf2 Qe8 20.Rc1 Qg6 21.Qe1 Rf7 22.c6 bxc6 23.dxc6 Be6
24.Rd1 g4 25.fxg4 hxg4 26.hxg4 Bf8 27.Nd5 Nxg4 28.Nxg4 Bxg4 29.Bxg4 Qxg4
30.Qf2 Bh6 31.Rd3 Raf8 32.b5 Bg5 33.Rf3 Nxf3+ 34.Qxf3 Qh4 35.Rf2 Qh6 36.Qh3 Qxh3
37.gxh3 Bh4 38.Rf3 Rg7+ 39.Kf1 Kh7 40.Bg1 Rfg8 41.Bxa7 Ra8 42.Bf2 Bxf2 43.Rxf2 Ra4
44.Re2 Ra8 45.b6 cxb6 46.c7 Rc8 47.Rc2 b5 48.Kf2  1/2-1/2

[Event "Artek olJ"]
[Site "Artek"]
[Date "1999.09.19"]
[Round "8"]
[White "Alekseev, Evgeny"]
[Black "Azarov, Sergei"]
[Result "0-1"]
[WhiteElo "2400"]
[BlackElo "2432"]

1.e4 e5 2.Nf3 Nc6 3.c3 d5 4.Bb5 dxe4 5.Nxe5 Qd5 6.Qa4 Ne7 7.f4 Bd7 8.Nxd7 Kxd7
9.Na3 a6 10.Be2 Nf5 11.Nc2 Bc5 12.b4 b5 13.Qb3 Qxb3 14.axb3 Bd6 15.d4 Nce7
16.Bg4 g6 17.Ne3 Ke6 18.Rf1 h5 19.Bxf5+ Nxf5 20.Rf2 h4 21.Nf1 Ne7 22.Ne3 Nd5
23.Nxd5 Kxd5 24.Be3 f5 25.Ra5 Ke6 26.Rfa2 g5 27.Rxa6 Rxa6 28.Rxa6 Kd7 29.fxg5 f4
30.Bc1 h3 31.gxh3 Rxh3 32.Ra2 Rxc3 33.Kd1 e3 34.Rc2 Rxc2 35.Kxc2 e2 36.Bd2 f3
37.Kd3 Bxh2 38.Be1  0-1

[Event "Artek olJ"]
[Site "Artek"]
[Date "1999.09.20"]
[Round "9"]
[White "Alekseev, Evgeny"]
[Black "Szymanski, Marcin"]
[Result "1/2-1/2"]
[WhiteElo "2400"]
[BlackElo "2327"]

1.e4 e6 2.d4 d5 3.e5 c5 4.c3 Qb6 5.Nf3 Nc6 6.a3 Bd7 7.b4 cxd4 8.cxd4 Rc8
9.Bb2 Na5 10.Nbd2 Nc4 11.Nxc4 dxc4 12.Rc1 a5 13.Rxc4 Bxb4+ 14.Nd2 Bxd2+ 15.Qxd2 Rxc4
16.Bxc4 Bb5 17.Bxb5+ Qxb5 18.Qe2 Qxe2+ 19.Kxe2 Ne7 20.Bc3 b6 21.Rb1 Nd5 22.Bxa5 Kd7
23.Bd2 Ra8 24.Rb3 Ra4 25.Kd3 h5 26.h4 Ra8 27.g3 Rc8 28.f3 g6 29.g4 Rh8 30.Bg5 Rc8
31.Bd2 Rh8  1/2-1/2

[Event "Wch U14"]
[Site "Oropesa del Mar"]
[Date "1999.10.28"]
[Round "5"]
[White "Kuljarevic, Davorin"]
[Black "Alekseev, Evgeny"]
[Result "0-1"]
[WhiteElo "2067"]
[BlackElo "2400"]

1.d4 Nf6 2.Nf3 g6 3.g3 Bg7 4.Bg2 O-O 5.O-O d6 6.c4 Nbd7 7.Nc3 e5 8.e4 a6
9.h3 b5 10.dxe5 dxe5 11.Re1 c6 12.Qc2 Qe7 13.a3 Bb7 14.Be3 a5 15.Nd2 b4 16.Na4 c5
17.f3 Rfc8 18.b3 Ne8 19.Nf1 Nc7 20.Bf2 Ne6 21.Ne3 Nd4 22.Qd1 Qd6 23.Nd5 Bxd5
24.exd5 Re8 25.Kh2 h5 26.h4 f5 27.axb4 axb4 28.Bxd4 cxd4 29.Qd3 e4 30.fxe4 Ne5
31.Qf1 Ng4+ 32.Kh3 fxe4 33.c5 Qxd5 34.Nb6 Qe6 35.Rxe4 Nf2+ 36.Kh2 Nxe4 37.Rxa8 Rxa8
38.Nxa8 Nxc5 39.Nc7 Qe5 40.Bd5+ Kh7 41.Qf7 d3 42.Ne8 d2 43.Nxg7 Qxg7 44.Qf3 Qd7
45.Kg2 Qf5 46.Kf2 d1=Q  0-1

[Event "Wch U14"]
[Site "Oropesa del Mar"]
[Date "1999.11.01"]
[Round "8"]
[White "Alekseev, Evgeny"]
[Black "Lafuente, Pablo"]
[Result "1-0"]
[WhiteElo "2400"]
[BlackElo "2250"]

1.e4 e6 2.d4 d5 3.Nc3 Nf6 4.Bg5 Be7 5.e5 Nfd7 6.Bxe7 Qxe7 7.f4 a6 8.Nf3 c5
9.dxc5 Qxc5 10.Qd2 Nc6 11.O-O-O b5 12.Ne2 Nb6 13.Ned4 Bd7 14.Nxc6 Qxc6 15.Kb1 Na4
16.Bd3 a5 17.f5 Qc5 18.fxe6 fxe6 19.Qf4 Qb4 20.Qxb4 axb4 21.Nd4 Ra5 22.Rhf1 Nc5
23.Rf4 Ke7 24.Rdf1 Be8 25.R1f3 Na6 26.Rg3 g6 27.h4 Nc7 28.Rgf3 Ra6 29.Nb3 Rb6
30.Rxb4 Na6 31.Rbf4 Nb8 32.Nd4 Nd7 33.Bxb5 Nxe5 34.Re3 Nf7 35.Bxe8 Rxe8 36.Rf1 e5
37.Nf3 Re6 38.Ra3 Rf6 39.Re1 Kf8 40.Ra5 e4 41.Nd4 Re5 42.a4 Rf2 43.Re2 e3
44.c3 Re4 45.Re1 Ne5 46.Rxd5 Rxb2+ 47.Kxb2 Nd3+ 48.Kb3 Nxe1 49.a5 Nxg2 50.a6 Re8
51.Rd7 Nf4 52.a7 e2 53.Nxe2 Ne6 54.Rxh7 Kg8 55.Re7  1-0

[Event "Wch U14"]
[Site "Oropesa del Mar"]
[Date "1999.11.02"]
[Round "9"]
[White "Efimenko, Zahar"]
[Black "Alekseev, Evgeny"]
[Result "1/2-1/2"]
[WhiteElo "2332"]
[BlackElo "2400"]

1.e4 c5 2.Nf3 Nf6 3.e5 Nd5 4.c4 Nc7 5.b3 d6 6.Bb2 Nc6 7.exd6 Qxd6 8.d4 Bf5
9.d5 Nb4 10.Na3 e6 11.Nh4 Be4 12.f3 Qf4 13.Qd2 Qxh4+ 14.g3 Qe7 15.d6 Qxd6
16.Qxd6 Bxd6 17.fxe4 f6 18.e5 Bxe5 19.Bxe5 fxe5 20.Bg2 O-O-O 21.O-O Rhf8
22.Be4 h6 23.Rxf8 Rxf8 24.Nb1 Ne8 25.a3 Na6 26.Nc3 Nd6 27.Bg2 Nc7 28.Re1 Rf5
29.Rd1 Nce8 30.Ne4  1/2-1/2

[Event "Wch U14"]
[Site "Oropesa del Mar"]
[Date "1999.11.04"]
[Round "10"]
[White "Alekseev, Evgeny"]
[Black "Buckley, Simon T"]
[Result "1-0"]
[WhiteElo "2400"]
[BlackElo "2216"]

1.e4 c5 2.c3 d5 3.exd5 Qxd5 4.d4 Nf6 5.Nf3 Bg4 6.dxc5 Qxc5 7.Na3 a6 8.Be3 Qc7
9.h3 Bh5 10.g4 Bg6 11.Bg2 Be4 12.g5 Nfd7 13.Qd4 Bxf3 14.Bxf3 Nc6 15.Qa4 e6
16.O-O-O Rc8 17.Nc2 Nc5 18.Qf4 Ne5 19.Be2 Ng6 20.Qd4 Ne7 21.Bf4 Qc6 22.Be5 Nf5
23.Qf4 Qe4 24.Rhe1 Qxf4+ 25.Bxf4 Be7 26.Ne3 Nh4 27.Rg1 Ng6 28.Bh2 O-O 29.Rg4 Rfd8
30.h4 Rxd1+ 31.Kxd1 b5 32.Bg3 Na4 33.Kc2 Bc5 34.Bf3 Bxe3 35.fxe3 Nc5 36.Rd4 f6
37.gxf6 gxf6 38.Rd6 Kf7 39.Rb6 Ne7 40.Bd6 Nf5 41.Bxc5 Rxc5 42.Rxa6 Nxh4 43.Be2 Nf5
44.Kd2 Rd5+ 45.Bd3 Nd6 46.Ke2 f5 47.a4 bxa4 48.c4 Rxd3 49.Kxd3 Ne4 50.Kd4 h5
51.c5 h4 52.c6 Nd6 53.Rxa4 Ke7 54.Ra7+ Kd8 55.Rd7+  1-0

[Event "Wch U14"]
[Site "Oropesa del Mar"]
[Date "1999.11.05"]
[Round "11"]
[White "Timofeev, Artjem"]
[Black "Alekseev, Evgeny"]
[Result "1/2-1/2"]
[WhiteElo "2391"]
[BlackElo "2400"]

1.e4 c5 2.Nf3 Nf6 3.d3 Nc6 4.g3 d5 5.Nbd2 b6 6.c3 e6 7.Bg2 Qc7 8.O-O Ba6
9.exd5 Nxd5 10.Nc4 Be7 11.Qa4 Bb7 12.Bd2 O-O 13.Rfe1 Rfd8 14.Rad1 a6 15.Nce5 b5
16.Qc2 Nxe5 17.Nxe5 Nf6 18.Bxb7 Qxb7 19.Bc1 Rac8 20.Qe2 Qd5 21.c4 Qb7 22.b3 Rd6
23.Ba3 Nd7 24.Bb2 Nxe5 25.Qxe5 Bf8 26.Qe4 Qb6 27.Rc1 Qa5 28.cxb5 axb5 29.b4 Qxa2
30.bxc5 Rdc6 31.Re2 Rxc5 32.Rxc5 Rxc5 33.Bxg7 Qd5 34.Bxf8 Qxe4 35.dxe4 Kxf8
36.Rd2 Ke7 37.Kf1 Rc4 38.f3 Rc1+ 39.Ke2 Rh1 40.Ke3 Re1+ 41.Kf4 Rc1 42.Ke3 Rc3+
43.Ke2 Rc6 44.Ke3  1/2-1/2

[Event "Blitz"]
[Site "St Petersburg RUS"]
[Date "1999.12.25"]
[Round "1.1"]
[White "Ivanov,Se"]
[Black "Alekseev,E"]
[Result "1-0"]
[WhiteElo "2538"]
[BlackElo "2400"]

1.d4 Nf6 2.c4 g6 3.Nc3 Bg7 4.e4 d6 5.Be2 O-O 6.Bg5 c5 7.d5 h6 8.Bf4 e6 9.dxe6 Bxe6
10.Bxd6 Re8 11.Nf3 Nc6 12.O-O Qa5 13.Nd2 Rad8 14.e5 Nd7 15.Nb3 Qb6 16.f4 Ndxe5
17.fxe5 Bxe5 18.Nd5 Bxd5 19.Qxd5 Re6 20.Bxc5 Rxd5 21.Bxb6 Rd7 22.Bf2 Bxb2
23.Nc5 Bxa1 24.Nxe6 Be5 25.Nc5 Rd2 26.Bf3 Rxa2 27.Nxb7 Nd4 28.Re1 Nxf3+ 29.gxf3 Bxh2+
30.Kxh2 Rxf2+ 31.Kg3 Rb2 32.Nd6 a5 33.Ra1 Rb6 34.c5 Rc6 35.Rxa5 Kg7 36.Kf4 g5+
37.Ke5 Kg6 38.Kd5 Rc7 39.c6  1-0

[Event "Blitz"]
[Site "St Petersburg RUS"]
[Date "1999.12.25"]
[Round "2.2"]
[White "Alekseev,E"]
[Black "Lugovoi,A"]
[Result "1/2-1/2"]
[WhiteElo "2400"]
[BlackElo "2509"]

1.e4 e5 2.Nf3 Nc6 3.c3 Nf6 4.d4 Nxe4 5.d5 Ne7 6.Nxe5 Ng6 7.Qe2 Qe7 8.Qxe4 Qxe5
9.Qxe5+ Nxe5 10.Bf4 d6 11.Na3 a6 12.Kd2 Bd7 13.Re1 O-O-O 14.Nc2 Ng6 15.Bg5 f6
16.Be3 Ne5 17.f4 Ng4 18.Bd4 Re8 19.Rxe8+ Bxe8 20.Be2 Nh6 21.g3 Be7 22.Re1 Kd8
23.Bf2 Bf7 24.c4 f5 25.Nd4 Bf6 26.Bd3 g6 27.h3 Re8 28.Rxe8+ Kxe8 29.Be2 Ng8
30.g4 Ne7 31.Bd3 fxg4 32.hxg4 h5 33.gxh5 gxh5 34.f5 h4 35.Ne6 h3 36.Bg3 Kd7
37.b3 Bh5 38.Ke3 Be5 39.Bxe5 dxe5 40.Kf2 h2 41.Kg2 Bf3+ 42.Kxh2 e4 43.Bc2 Nxf5
44.Nc5+ Kc8 45.Bxe4 Bxe4 46.Nxe4 Nd4 47.Kg3 Ne2+ 48.Kg4 Kd7 49.Kf5 b6 50.Kf6 Nc1
51.Nc3 b5 52.c5 b4 53.Ne4 Nxa2 54.c6+ Kc8 55.Ke7 Nc3 56.d6 Nd5+ 57.Ke6 Nf4+
58.Kf5 cxd6 59.Kxf4 Kc7 60.Kf5 Kxc6 61.Ke6 a5 62.Nxd6 a4 63.bxa4 b3 64.Nc4 Kc5
65.Nb2 Kb4 66.Kd5 Ka3 67.a5 Kxb2 68.a6 Kc2 69.a7 b2  1/2-1/2